<?xml version="1.0" encoding="UTF-8"?>
<record
    xmlns:xsi="http://www.w3.org/2001/XMLSchema-instance"
    xsi:schemaLocation="http://www.loc.gov/MARC21/slim http://www.loc.gov/standards/marcxml/schema/MARC21slim.xsd"
    xmlns="http://www.loc.gov/MARC21/slim">

  <leader>01846cam a22002778a 4500</leader>
  <controlfield tag="001">13936470</controlfield>
  <controlfield tag="003">OSt</controlfield>
  <controlfield tag="005">20220314090507.0</controlfield>
  <controlfield tag="008">050420s2005    nyu      b    001 0 eng  </controlfield>
  <datafield tag="020" ind1=" " ind2=" ">
    <subfield code="a">9781292092614</subfield>
  </datafield>
  <datafield tag="040" ind1=" " ind2=" ">
    <subfield code="a">DLC</subfield>
    <subfield code="c">LC</subfield>
  </datafield>
  <datafield tag="050" ind1="0" ind2="0">
    <subfield code="a">HF5415.123.F55 </subfield>
  </datafield>
  <datafield tag="100" ind1="1" ind2=" ">
    <subfield code="a">Fill, Chris.</subfield>
  </datafield>
  <datafield tag="245" ind1="1" ind2="0">
    <subfield code="a">Marketing communications: discovery, creation and conversations. /</subfield>
    <subfield code="c">Chris Fill and Sarah Turnbull</subfield>
  </datafield>
  <datafield tag="250" ind1=" " ind2=" ">
    <subfield code="a">7th ed.</subfield>
  </datafield>
  <datafield tag="260" ind1=" " ind2=" ">
    <subfield code="a">New York:</subfield>
    <subfield code="b">Pearson Education Ltd,</subfield>
    <subfield code="c">2016.</subfield>
  </datafield>
  <datafield tag="300" ind1=" " ind2=" ">
    <subfield code="a">xxxvi, 724 p.:</subfield>
    <subfield code="b">ill;</subfield>
  </datafield>
  <datafield tag="504" ind1=" " ind2=" ">
    <subfield code="a">Includes bibliographical references and index.</subfield>
  </datafield>
  <datafield tag="505" ind1=" " ind2=" ">
    <subfield code="a">Contents: 1. Introduction to marketing communications: Introducing marketing communications -- Communications: forms and conversations -- Audience insight: information processing and behaviour -- How marketing communications work -- 2. Managing marketing communications: Marketing commutations: strategy and planning --  Marketing commutations: objectives and positioning -- The communications industry: structure, operations and finance -- Evaluation and metrics -- Branding and marketing communications -- Integrated marketing communications -- 3. The marketing communications mix: Advertising: role, forms and strategy -- Public relations: principles and practice -- Sponsorship -- Direct marketing and personal selling -- Sales promotion, field marketing and brand experience -- Brand placement, exhibitions, packaging and licensing -- Messages and creativity -- Media - principles and practice -- Social, search and other interactive media -- Media planning: reaching audiences --


</subfield>
  </datafield>
  <datafield tag="650" ind1=" " ind2="0">
    <subfield code="a">Communication in marketing.</subfield>
  </datafield>
  <datafield tag="650" ind1=" " ind2="0">
    <subfield code="a">Marketing channels.</subfield>
  </datafield>
  <datafield tag="650" ind1=" " ind2="0">
    <subfield code="a">Sales promotion.</subfield>
  </datafield>
  <datafield tag="700" ind1=" " ind2=" ">
    <subfield code="q">Turnbull, Sarah </subfield>
  </datafield>
  <datafield tag="942" ind1=" " ind2=" ">
    <subfield code="2">lcc</subfield>
    <subfield code="c">BK</subfield>
  </datafield>
  <datafield tag="999" ind1=" " ind2=" ">
    <subfield code="c">7891</subfield>
    <subfield code="d">15391</subfield>
  </datafield>
  <datafield tag="952" ind1=" " ind2=" ">
    <subfield code="0">0</subfield>
    <subfield code="1">0</subfield>
    <subfield code="2">lcc</subfield>
    <subfield code="4">0</subfield>
    <subfield code="7">0</subfield>
    <subfield code="a">WIUC-KL</subfield>
    <subfield code="b">WIUC-KL</subfield>
    <subfield code="c">GEN</subfield>
    <subfield code="d">2019-11-07</subfield>
    <subfield code="o">HF5415.123.F55(7e)</subfield>
    <subfield code="p">K/1552/1552/19</subfield>
    <subfield code="r">2021-11-02 00:00:00</subfield>
    <subfield code="t">1</subfield>
    <subfield code="w">2021-11-02</subfield>
    <subfield code="y">BK</subfield>
  </datafield>
  <datafield tag="952" ind1=" " ind2=" ">
    <subfield code="0">0</subfield>
    <subfield code="1">0</subfield>
    <subfield code="2">lcc</subfield>
    <subfield code="4">0</subfield>
    <subfield code="7">0</subfield>
    <subfield code="a">WIUC-KL</subfield>
    <subfield code="b">WIUC-KL</subfield>
    <subfield code="c">GEN</subfield>
    <subfield code="d">2019-11-14</subfield>
    <subfield code="o">HF5415.123.F551(7e)</subfield>
    <subfield code="p">K/2207/2207/19</subfield>
    <subfield code="r">2022-03-11 00:00:00</subfield>
    <subfield code="t">2</subfield>
    <subfield code="w">2021-11-02</subfield>
    <subfield code="y">BK</subfield>
  </datafield>
  <datafield tag="952" ind1=" " ind2=" ">
    <subfield code="0">0</subfield>
    <subfield code="1">0</subfield>
    <subfield code="2">lcc</subfield>
    <subfield code="4">0</subfield>
    <subfield code="7">0</subfield>
    <subfield code="a">WIUC-KL</subfield>
    <subfield code="b">WIUC-KL</subfield>
    <subfield code="c">GEN</subfield>
    <subfield code="d">2019-11-14</subfield>
    <subfield code="o">HF5415.123.F552(7e)</subfield>
    <subfield code="p">K/2208/2208/19</subfield>
    <subfield code="r">2022-03-11 00:00:00</subfield>
    <subfield code="t">3</subfield>
    <subfield code="w">2021-11-02</subfield>
    <subfield code="y">BK</subfield>
  </datafield>
  <datafield tag="952" ind1=" " ind2=" ">
    <subfield code="0">0</subfield>
    <subfield code="1">0</subfield>
    <subfield code="2">lcc</subfield>
    <subfield code="4">0</subfield>
    <subfield code="7">0</subfield>
    <subfield code="a">WIUC-KL</subfield>
    <subfield code="b">WIUC-KL</subfield>
    <subfield code="c">GEN</subfield>
    <subfield code="d">2019-11-14</subfield>
    <subfield code="l">0</subfield>
    <subfield code="o">HF5415.123.F553(7e)</subfield>
    <subfield code="p">K/2209/2209/19</subfield>
    <subfield code="r">2022-03-14 00:00:00</subfield>
    <subfield code="t">4</subfield>
    <subfield code="w">2021-11-02</subfield>
    <subfield code="y">BK</subfield>
  </datafield>
</record>
